Normal view
MARC view
- Supervisor : Dr. Syed Irtiza Ali Shah
Entry Personal Name
001 - CONTROL NUMBER
- control field: 119666
003 - CONTROL NUMBER IDENTIFIER
- control field: NUST
005 - DATE AND TIME OF LATEST TRANSACTION
- control field: 20231212104512.0
008 - FIXED-LENGTH DATA ELEMENTS
- fixed length control field: 231212|| aca||aabn | a|a d
040 ## - CATALOGING SOURCE
- Original cataloging agency: NUST
- Transcribing agency: NUST
100 ## - HEADING--PERSONAL NAME
- Personal name: Supervisor : Dr. Syed Irtiza Ali Shah
670 ## - SOURCE DATA FOUND
- Source citation: Work cat.: (NUST): Bajwa, Nadia Riaz 119665, Machine Vision Based Automatic Quality Inspection System for Connecting-rod /
